000 00916nam a2200253Ia 4500
008 191130s2005##################000#0#eng##
020 _a9780851996202
022 _a2004011056
040 _aACL
_cACL
082 _a790.1 CUS
245 _aFree time and leisure participation : international perspectives
_cedited by Grant Cushman, A.J. Veal and Jiri Zuzanek
260 _aWallingford, UK ; Cambridge, MA
_bCABI Pub
_cc2005
300 _axvi, 298 p. : ill. ; 25 cm
500 _aUpdated and expanded ed. of: World leisure participation. 1966. Includes bibliographical references and index
650 _aLeisure - Cross-cultural studies
650 _aRecreation - Cross-cultural studies
650 _aRecreational surveys
700 _aCushman, Grant
700 _aVeal, Anthony James
700 _aZuzanek, Jiri
990 _ae34ef753ac10000c6b91e58b083fb9ae
991 _a372666
999 _c188249
_d188249